| Tag |
First Indicator |
Second Indicator |
Subfields |
| LEADER |
00000cam a2200000 a 4500 |
| 001 |
in00000028124 |
| 005 |
20231006165841.0 |
| 008 |
880831s1986 nsc 000 0 eng d |
| 010 |
|
|
|a 88180036
|
| 015 |
|
|
|a 860943518
|2 can
|
| 016 |
|
|
|a (AMICUS)000006544095
|
| 016 |
|
|
|a 860943518
|
| 019 |
|
|
|a 15059161
|a 29310207
|
| 020 |
|
|
|a 0770300146
|
| 020 |
|
|
|a 9780770300142
|
| 029 |
1 |
|
|a AU@
|b 000004880377
|
| 029 |
1 |
|
|a NLC
|b 000006544095
|
| 035 |
|
|
|a (OCoLC)ocm16020152
|
| 035 |
|
|
|a (OCoLC)16020152
|z (OCoLC)15059161
|z (OCoLC)29310207
|
| 035 |
|
|
|a (OCoLC)ocm16020152
|
| 040 |
|
|
|a CaOTU
|b eng
|c DLC
|d NLC
|d HBS
|d BTCTA
|d OCLCO
|d OCLCF
|d OCLCQ
|d OCLCO
|d OCLCQ
|d QE2
|d UWO
|d OCLCO
|
| 042 |
|
|
|a lccopycat
|
| 043 |
|
|
|a n-cn---
|a n-us---
|
| 050 |
0 |
4 |
|a HF1480.15.U5
|b W56 1986
|
| 055 |
|
2 |
|a HF1480.15*
|
| 082 |
0 |
4 |
|a 382.9/71/073
|2 19
|
| 084 |
|
|
|a cci1icc
|2 lacc
|
| 084 |
|
|
|a coll90
|2 lacc
|
| 100 |
1 |
|
|a Winham, Gilbert R.
|
| 245 |
1 |
0 |
|a Canada-U.S. sectoral trade study :
|b the impact of free trade : a background paper /
|c prepared for the Royal Commission on the Economic Unionand Development Prospects for Canada, Ottawa, Ontario, April 1985 ; [written by Gilbert R. Winham with the assistance of David Black and others].
|
| 260 |
|
|
|a Halifax, N.S., Canada :
|b Dalhousie University, Centre for Foreign Policy Studies,
|c 1986.
|
| 300 |
|
|
|a viii, 323 pages ;
|c 28 cm
|
| 336 |
|
|
|a text
|b txt
|2 rdacontent
|
| 337 |
|
|
|a unmediated
|b n
|2 rdamedia
|
| 338 |
|
|
|a volume
|b nc
|2 rdacarrier
|
| 651 |
|
0 |
|a Canada
|x Commerce
|z United States.
|
| 651 |
|
0 |
|a United States
|x Commerce
|z Canada.
|
| 650 |
|
0 |
|a Free trade.
|
| 650 |
|
0 |
|a Free trade
|z Canada.
|
| 650 |
|
0 |
|a Free trade
|z United States.
|
| 650 |
|
4 |
|a Libre-échange et protectionnisme
|x Libre-échange.
|
| 651 |
|
4 |
|a Canada
|x Commerce
|z États-Unis.
|
| 651 |
|
4 |
|a États-Unis
|x Commerce
|z Canada.
|
| 650 |
|
6 |
|a Libre-échange
|z Canada.
|
| 650 |
|
6 |
|a Libre-échange
|z États-Unis.
|
| 651 |
|
6 |
|a Canada
|x Commerce
|z États-Unis.
|
| 651 |
|
6 |
|a États-Unis
|x Commerce
|z Canada.
|
| 650 |
|
6 |
|a Libre-échange.
|
| 650 |
|
7 |
|a Commerce.
|2 fast
|0 (OCoLC)fst00869279
|
| 650 |
|
7 |
|a Free trade.
|2 fast
|0 (OCoLC)fst00933944
|
| 651 |
|
7 |
|a Canada.
|2 fast
|0 (OCoLC)fst01204310
|
| 651 |
|
7 |
|a United States.
|2 fast
|0 (OCoLC)fst01204155
|
| 700 |
1 |
|
|a Black, David.
|
| 710 |
2 |
|
|a Dalhousie University.
|b Centre for Foreign Policy Studies.
|
| 710 |
2 |
|
|a Royal Commission on the Economic Union and Development Prospects for Canada.
|
| 776 |
0 |
8 |
|i Online version:
|a Winham, Gilbert R.
|t Canada-U.S. sectoral trade study.
|d Halifax, N.S., Canada : Dalhousie University, Centre for Foreign Policy Studies, 1986
|w (OCoLC)988294550
|
| 856 |
4 |
2 |
|3 French equivalent / Équivalent français
|u https://bac-lac.on.worldcat.org/oclc/300585446
|t 0
|
| 938 |
|
|
|a Baker and Taylor
|b BTCP
|n 88180036 //r93
|
| 948 |
|
|
|h HELD BY TXA - 84 OTHER HOLDINGS
|
| 994 |
|
|
|a Z0
|b TXA
|
| 999 |
f |
f |
|s b83ceadd-1dd3-3501-af86-c4f2c96db680
|i 7c8c9dc1-c736-3e05-9c3f-52f86518ac43
|t 0
|
| 952 |
f |
f |
|p ric
|a Texas A&M University
|b Rellis Campus
|c Joint Library Facility
|d Remote Storage
|t 0
|e HF1480.15.U5 W56 1986
|h Library of Congress classification
|i unmediated -- volume
|m A14811671918
|
| 998 |
f |
f |
|a HF1480.15.U5 W56 1986
|t 0
|l Remote Storage
|